| 000 | 01527cam a22003254a 4500 | ||
|---|---|---|---|
| 001 | 14092825 | ||
| 005 | 20060727201457.0 | ||
| 008 | 050830s2006 enka b 001 0 eng | ||
| 010 | _a 2005025376 | ||
| 020 | _a0198776225 (alk. paper) | ||
| 020 | _a9780198776222 (alk. paper) | ||
| 035 | _a(OCoLC)ocm61454026 | ||
| 040 |
_aDLC _cDLC _dBAKER _dBWKUK _dDLC |
||
| 082 | 0 | 0 |
_a339 _222 _bCAR |
| 100 | 1 |
_aCarlin, Wendy. _929212 |
|
| 245 | 1 | 0 |
_aMacroeconomics : _bImperfections, Institutions, and Policies / _cWendy Carlin and David Soskice. |
| 260 |
_aOxford ; _aNew York : _bOxford University Press, _c2006. |
||
| 300 |
_axlii, 810 p. : _bill. ; _c25 cm. |
||
| 504 | _aIncludes bibliographical references (p. [779]-788) and index. | ||
| 650 | 0 |
_aMacroeconomics. _929213 |
|
| 653 |
_bEco _cMarch2012 |
||
| 700 | 1 |
_aSoskice, David W., _d1942- _929214 |
|
| 856 | 4 | 1 |
_3Table of contents only _uhttp://www.loc.gov/catdir/toc/ecip0518/2005025376.html |
| 856 | 4 | 2 |
_3Publisher description _uhttp://www.loc.gov/catdir/enhancements/fy0640/2005025376-d.html |
| 942 |
_2ddc _cBB |
||
| 999 |
_c16543 _d16543 |
||